01254nam0a22002531 4500001001000000005001700010035002600027100004100053101000800094102000700102105001800109200021000127210005700337215002800394300010800422327014400530464006800674464009400742464005200836700005300888801001800941801002200959852001900981rc\60193120250621180949.0 a(NLR Aleph) 005846250 a20031121d1986 |||y0rusy50 ca0 arus aRU aa |||||||||1 aЧерный собольeПовесть. Рассказыe[Для ст. шк. возраста]eПер. с бурят.fДаши-Дымбрыл Дугаровg[Худож. С.С. Чеботарев] aУлан-УдэcБурят. кн. изд-воd1986 a157, [3] с.cил.d21 aПеред вып. дан. авт.: Даши-Дымбрыл Дармабазарович Дугаров1 aСодерж.: Черный соболь: Повесть; Рассказы: Эхо далеких выстрелов; Моя дорога 012001#$aЧерный собольtЧерный соболь 012001#$aЭхо далеких выстреловtЭхо далеких выстрелов 012001#$aМоя дорогаtМоя дорога 1aДугаровbД.-Д.gДаши-Дымбрыл 0aRUbNLRgpsbo 1aRUbELAR2rusmarc aNLRj86-3/5906